Eighth Biggest City in Each U.S. State - Statistics

General Stats
  • This quiz has been taken 11 times
  • The average score is 8 of 50
Answer Stats
State Population City % Correct
Texas 317,600 Corpus Christi
67%
California 423,000 Oakland
67%
Colorado 112,900 Pueblo
67%
Arizona 187,700 Peoria
56%
Illinois 109,400 Peoria
56%
Florida 217,200 Hialeah
44%
Wisconsin 69,700 Eau Claire
33%
Massachusetts 100,300 Lynn
33%
Utah 86,900 Ogden
33%
North Carolina 120,700 Wilmington
33%
Iowa 67,300 Ames
22%
Alabama 71,200 Dothan
22%
Kentucky 33,000 Elizabethtown
22%
Indiana 75,800 Hammond
22%
Pennsylvania 57,000 Lancaster
22%
Mississippi 33,600 Meridian
22%
Louisiana 46,500 Monroe
22%
Missouri 71,300 St. Charles
22%
Ohio 69,700 Canton
11%
New Mexico 37,500 Clovis
11%
Delaware 7,900 Georgetown
11%
Wyoming 11,300 Green River
11%
Tennessee 72,700 Johnson City
11%
Kansas 60,200 Lenexa
11%
Michigan 92,600 Livonia
11%
Oregon 87,400 Medford
11%
Nevada 22,300 Mesquite
11%
New York 70,800 Mount Vernon
11%
New Jersey 68,300 Passaic
11%
Maine 21,200 Saco
11%
Washington 110,300 Spokane Valley
11%
Idaho 56,100 Twin Falls
11%
Montana 13,500 Belgrade
0%
Rhode Island 22,300 Central Falls
0%
Maryland 34,600 College Park
0%
Hawaii 28,100 Ewa Gentry
0%
West Virginia 18,000 Fairmont
0%
South Carolina 47,100 Goose Creek
0%
Nebraska 24,800 Hastings
0%
South Dakota 14,200 Huron
0%
New Hampshire 17,300 Laconia
0%
Minnesota 78,400 Lakeville
0%
Oklahoma 57,500 Midwest City
0%
Connecticut 73,400 New Britain
0%
Alaska 9,900 North Lakes
0%
Arkansas 63,200 North Little Rock
0%
Vermont 7,100 St. Albans
0%
Virginia 99,300 Suffolk
0%
Georgia 83,400 Warner Robins
0%
North Dakota 23,800 Williston
0%
No matching quizzes found
Score Distribution
Percent of People with Each Score
Percentile by Number Answered
Your Score History
You have not taken this quiz